| 000 | 00739nas a2200229 4500 | ||
|---|---|---|---|
| 001 | BR9700863 | ||
| 003 | BR-BrBNA | ||
| 005 | 20231205100010.0 | ||
| 007 | ta | ||
| 008 | 230509b bl.|||p| |||| 00| 00por d | ||
| 040 |
_aBR-BrBNA _bpor _cBiblioteca Nacional de Agricultura |
||
| 041 | _a(Pt) | ||
| 072 | _aF70 | ||
| 100 | 1 | _aFerreira, G.L. | |
| 245 | 1 | _aEstudo taxonomico das especies brasileiras do genero norontea Aublet (Marcgraviaceae) | |
| 650 | _aEspecie Nativa | ||
| 650 | _aMorfologia Vegetal | ||
| 650 | _aMarcgraviaceae | ||
| 773 | 0 |
_tArquivos do Jardim Botanico do Rio de Janeiro (Brazil) _xISSN 0103-2550 _g(Jul-Dec 1995), v. 33(2) p. 9-53 _wBR9700863 |
|
| 909 |
_a202311 _bLúcia _c55 _dLúcia Elande |
||
| 942 |
_2AGRIS _n0 _cANA |
||
| 999 |
_c153857 _d153857 |
||